Statystyki dla Polskie Kanały na YouTube z 2 milionami subów

Kliknij tutaj aby rozwiązać quiz!

Ogólne statystyki

  • Ten quiz został rozwiązany 341 razy
  • Średni wynik to 8 z 16

Statystyki odpowiedzi

Kanał% Poprawnych
Friz
95%
Blowek
94%
Stuu
81%
ReZigiusz
79%
Naruciak
56%
SA Wardega
55%
AbstrachujeTV
48%
IsAmU
45%
Bazylland
36%
5 Sposobów na...
34%
Kamerzysta
34%
Karolek
33%
Izak LIVE
32%
Planeta Faktów
30%
DISCO MAREK
29%
Step Records
21%

Rozkład punktacji

Percentyl według liczby udzielonych odpowiedzi

Procent ludzi z każdym wynikiem

Twoja historia wyników

Nie rozwiązałeś tego quizu